000 01470nam0a2200349 4500
001 RU\NLR\b_ik\198111
005 20260408085728.0
010 _a978-5-94588-118-1
_9200
035 _a(NLR Aleph) 002270491
090 _a3943564
_c3943564
100 _a20121029d2012 |||y0rusy50 ca
101 0 _aeng
102 _aRU
105 _aa |||||||||
200 1 _aMolecular phylogenetics
_econtributions to the 3rd Moscow international conference "Molecular phylogenetics" (MolPhy-3), July 31 - August 4, 2012
_fcomp.: A. Troitsky [et al.]
210 _aMoscow
_cTorus press
_d2012
215 _aXIV, 157 с.
_cил.
_d24
300 _aВ вып. дан.: Молекулярная филогенетика
320 _aБиблиогр. в конце докл.
320 _aУказ.: с. 154-157
517 0 _aМолекулярная филогенетика
541 0 _aМолекулярная филогенетика
_zrus
606 1 _aМолекулярная филогенетика
_jСъезды, совещания и т.п.
_92603012
_3RU\NLR\AUTH\661539570
686 1 _aЕ02я431(0)
686 1 _aЕ041.10я431(0)
702 1 _aTroickij
_bA. V.
_gAleksej Viktorovič
_4220
711 1 2 _8eng
_a"Molecular phylogenetics", Moscow international conference
_d3
_f2012
_7ba
_3RU\NLR\AUTH\8810227726
_9340217
801 0 _aRU
_bNLR
_c20121029
_gRCR
942 _cBOOK
980 _aNB